000 00354pab a2200145 454500
008 180718b1987 xxu||||| |||| 00| 0 eng d
100 _aKolay, M.K.
245 _aHuman resource accounting
_bAn asset creation exercise
260 _c1987
300 _a551-7
362 _aJan.
650 _aPersonnel
773 _aChartered Accountant
909 _a14814
999 _c14814
_d14814